| 000 | 03023cam a2200385 a 4500 | ||
|---|---|---|---|
| 001 | 16987044 | ||
| 003 | OSt | ||
| 005 | 20170105102906.0 | ||
| 008 | 111003s2012 nyua b 001 0 eng | ||
| 010 | _a 2011041245 | ||
| 020 | _a9780415693936 (hbk.) | ||
| 020 | _a9780203122563 (pbk.) | ||
| 040 |
_aDLC _cDLC |
||
| 050 | 0 | 0 |
_aU21.2 _b.C514 2012 |
| 082 | 0 | 0 |
_a305.90695 _223 _bCIV 2012 |
| 245 | 0 | 0 |
_aCivilians and modern war : _barmed conflict and the ideology of violence / _cedited by Daniel Rothbart, Karina V. Korostelina and Mohammed D. Cherkaoui. |
| 246 | 3 | 0 | _aArmed conflict and the ideology of violence |
| 260 |
_aNew York : _bRoutledge, _cc2012. |
||
| 300 |
_axii, 354 p. : _bill. ; _c24 cm. |
||
| 504 | _aIncludes bibliographical references and index. | ||
| 505 | 0 | _aThe place and plight of civilians in modern war / Daniel Rothbart, Karina Korostelina, and Mohammed D. Cherkaoui -- Targeting civilians -- The role of civilians in American war ideology / Richard Rubenstein -- Devastating civilians at home: the plight of Crimean Tatars and Californians of Asian descent during World War II / Karina Korostelina -- Military culture and civilian victimization: the case of American strategic bombing in World War II / Alexander Downes -- Double victims: the recruitment and treatment of child soldiers in Chechnya / Karina Korostelina & Juliia Kononenko -- Preserving civilian immunity -- The politics of civilian identity / Daniel Rothbart -- Israeli soldiers' perceptions of Palestinian civilians during the 2009 Gaza War / Neta Oren -- Civilian vulnerability in asymmetric conflict: lessons from the second Lebanon and Gaza Wars / Michael Gross -- Civilians overshadowed by soldiers: faceless victims of the public media narrative / Mohammed D. Cherkaoui -- Civilians, pundits, and the mediatized ideology / Mohammed D. Cherkaoui -- Redressing anti-civilian practices -- Trans-regional military dimensions of civilian protection: a two-part problem with a two-part solution / Donald C. F. Daniel and Tromila Wheat -- Civilians under the law: inequality, intersectionality, and irony / Susan Hirsch -- The price of justice / Michael Miklaucic -- Preventing genocide: the quest for system response / Andrea Bartoli and Testushi Ogata -- Making amends / Sarah Holewinski -- Conclusion: the road ahead / Daniel Rothbart, Karina Korostelina, and Mohammed D. Cherkaoui. | |
| 650 | 0 | _aCivilians in war. | |
| 650 | 0 | _aCombatants and noncombatants (International law) | |
| 650 | 0 | _aCivilian war casualties. | |
| 650 | 0 | _aWar victims. | |
| 650 | 0 |
_aMilitary history, Modern _y20th century. |
|
| 650 | 0 |
_aMilitary history, Modern _y21st century. |
|
| 650 | 0 |
_aWar _xMoral and ethical aspects. |
|
| 700 | 1 | _aRothbart, Daniel. | |
| 700 | 1 |
_aKorostelina, K. V. _q(Karina Valentinovna) |
|
| 700 | 1 |
_aCherkaoui, Mohammed D., _d1960- |
|
| 906 |
_a7 _bcbc _corignew _d1 _eecip _f20 _gy-gencatlg |
||
| 942 |
_2ddc _cBK |
||
| 999 |
_c14855 _d14855 |
||